<?xml version="1.0" encoding="UTF-8"?>
<marc:record xmlns:marc="http://www.loc.gov/MARC21/slim">
   <marc:leader>00000nam a2200000 a 4500</marc:leader>
   <marc:datafield ind1="1" ind2=" " tag="100">
      <marc:subfield code="a">DVD</marc:subfield>
      <marc:subfield code="4">aut</marc:subfield>
      <marc:subfield code="e">Verfasser/-in</marc:subfield>
   </marc:datafield>
   <marc:datafield ind1=" " ind2=" " tag="653">
      <marc:subfield code="a">DVD</marc:subfield>
   </marc:datafield>
   <marc:datafield ind1="0" ind2="0" tag="245">
      <marc:subfield code="a">Bambi</marc:subfield>
   </marc:datafield>
   <marc:datafield ind1="0" ind2="0" tag="245">
      <marc:subfield code="c">DVD</marc:subfield>
   </marc:datafield>
   <marc:datafield ind1=" " ind2="1" tag="264">
      <marc:subfield code="a">München</marc:subfield>
      <marc:subfield code="b">Buena Vista Home Entertainment</marc:subfield>
   </marc:datafield>
   <marc:datafield ind1="1" ind2=" " tag="520">
      <marc:subfield code="a">Unterhält man sich über Filme, über die Art und Weise wie man von ihnen geprägt wurde, vielleicht sogar traumatisiert, stößt man nicht selten auf ein Filmereignis, dass selbst dem abgebrühtesten Alleskenner einen Schreck einjagen kann. Es handelt sich um den Tod von Bambis Mutter. Diese einschneidende Trennung (die im Film nicht im Bild gezeigt wird und dennoch oder gerade deshalb nichts von ihrer Dramatik verliert) ist das Herzstück von Bambi, Walt Disneys 1942 entstandenem Zeichentrickfilmklassiker, jedoch beileibe nicht der einzige Schicksalsschlag. In 69 kurzweiligen und dabei angenehm unaufgeregten Minuten, schildert Bambi ein Jahr im Leben eines jungen Rehs.</marc:subfield>
   </marc:datafield>
   <marc:datafield ind1=" " ind2=" " tag="020">
      <marc:subfield code="a">B0007A9OGY</marc:subfield>
      <marc:subfield code="9">B0007A9OGY</marc:subfield>
   </marc:datafield>
   <marc:datafield ind1="3" ind2=" " tag="024">
      <marc:subfield code="a">8717418012908</marc:subfield>
   </marc:datafield>
   <marc:datafield ind1="0" ind2=" " tag="490">
      <marc:subfield code="v">0</marc:subfield>
   </marc:datafield>
   <marc:datafield ind1=" " ind2=" " tag="300">
      <marc:subfield code="a">68 Min.</marc:subfield>
   </marc:datafield>
</marc:record>
